Analýza vybraných konštrukčných karbonitridovaných ocelí typu C10 a S460MC : Bakalárska práca

Salvato in:
Dettagli Bibliografici
Autore principale: Michalcová, Eva, 1988- (Autore)
Altri autori: Kocúrová, Karin, 1985- (Relatore della tesi)
Natura: Manoscritto Libro
Lingua:slovacco
Pubblicazione: Trnava : STU v Bratislave MTF UMAT, 2011
Soggetti:
Accesso online:VAIS
Tags: Aggiungi Tag
Nessun Tag, puoi essere il primo ad aggiungerne!!

MARC

LEADER 00000ntm a22000003a 4500
001 stu228361
005 20200616091945.6
008 110628s2011----xo------------------slo-d
040 |a STU  |b slo 
041 0 |a slo 
044 |a xo 
100 1 |a Michalcová, Eva,  |d 1988-  |4 aut  |u M1000  |U MTF Materiálovotechnologická fakulta  |T MTF Ústav materiálov  |X 59806  |U M1000  |Y 81  |7 59806 
242 0 0 |a Crack reason analysis of cover plate of clutch disk  |y eng 
245 1 |a Analýza vybraných konštrukčných karbonitridovaných ocelí typu C10 a S460MC :  |b Bakalárska práca 
260 |a Trnava :  |b STU v Bratislave MTF UMAT,  |c 2011 
300 |a 53 s., CD-ROM 
650 7 |a chemicko-tepelné spracovanie  |2 stusub 
650 7 |a karbonitridácia  |2 stusub 
650 7 |a materiálové inžinierstvo  |2 stusub 
650 7 |a Materials Engineering  |2 estusub 
700 1 |a Kocúrová, Karin,  |d 1985-  |4 ths  |u M1100  |U MTF Ústav materiálov  |T MTF Katedra materiálového inžinierstva  |X 33631  |U M1100  |Y 161  |7 A000033631 
856 4 |a info a plný text  |u http://is.stuba.sk/zp/portal_zp.pl?podrobnosti=74923  |3 VAIS 
996 |c M*BP-5336  |l MMSKP  |s P  |a 0  |w stu228361_0001